[Event "OLBA 2122 BG Buchen - SK Ettlingen"]
[Site "?"]
[Date "2021.10.10"]
[Round "1.1"]
[White "Rosner, Jonas"]
[Black "Galyas, Miklos"]
[Result "1-0"]
[WhiteElo "2457"]
[BlackElo "2449"]
[PlyCount "71"]
[EventDate "2021.??.??"]

1. c4 c5 2. Nf3 Nc6 3. e3 e5 4. Nc3 Nf6 5. d4 e4 6. d5 exf3 7. dxc6 bxc6 8. e4
Qc7 9. gxf3 Bd6 10. Be3 O-O 11. Qd2 Be5 12. Rg1 d5 13. cxd5 cxd5 14. exd5 Bf5
15. O-O-O Rfd8 16. f4 Bd6 17. Bd3 Bxd3 18. Qxd3 Rab8 19. Qf5 Ne8 20. Ne4 Qb7
21. Rd2 Bf8 22. d6 Rxd6 23. Nxd6 Nxd6 24. Qd5 Qa6 25. Bxc5 Rc8 26. Rc2 Qa4 27.
Kb1 Ne4 28. b3 Rxc5 29. Qxc5 Qd7 30. Qe3 Qf5 31. f3 Nd6 32. Rg5 Qh3 33. a4 g6
34. Rd5 h5 35. Ka2 Qf1 36. Qd3 1-0

[Event "OLBA 2122 BG Buchen - SK Ettlingen"]
[Site "?"]
[Date "2021.10.10"]
[Round "1.2"]
[White "Dobosz, Henryk"]
[Black "Arnold, Max"]
[Result "1/2-1/2"]
[WhiteElo "2369"]
[BlackElo "2298"]
[PlyCount "68"]
[EventDate "2021.??.??"]

1. d4 d5 2. c4 e6 3. Nc3 c5 4. e3 Nf6 5. Nf3 Nc6 6. a3 a6 7. cxd5 exd5 8. dxc5
Bxc5 9. Be2 O-O 10. O-O Re8 11. b4 Ba7 12. Bb2 Bf5 13. Rc1 d4 14. exd4 Nxd4 15.
Nxd4 Qxd4 16. Qxd4 Bxd4 17. Bf3 Ne4 18. Na4 Ba7 19. Nc5 Nxc5 20. bxc5 Be4 21.
Bd4 Bxf3 22. gxf3 Rac8 23. Be3 Re7 24. Rc4 Rec7 25. Rb1 Bxc5 26. Bxc5 Rxc5 27.
Rxc5 Rxc5 28. Rxb7 g6 29. Rb4 Kf8 30. Ra4 a5 31. Re4 Rc3 32. Ra4 Rc5 33. Re4
Rc3 34. Ra4 Rc5 1/2-1/2

[Event "OLBA 2122 BG Buchen - SK Ettlingen"]
[Site "?"]
[Date "2021.10.10"]
[Round "1.3"]
[White "Nippgen, Georg"]
[Black "Eisenbeiser, Amadeus"]
[Result "1/2-1/2"]
[WhiteElo "2229"]
[BlackElo "2392"]
[PlyCount "87"]
[EventDate "2021.??.??"]

1. c4 d6 2. d4 g6 3. Nf3 Bg7 4. Nc3 e5 5. e3 Nc6 6. d5 Nce7 7. Be2 h6 8. O-O f5
9. b4 Nf6 10. Qb3 O-O 11. c5 Kh8 12. cxd6 cxd6 13. Ba3 Bd7 14. Nd2 Be8 15. Rad1
Bf7 16. Nc4 Nfxd5 17. Nxd5 Bxd5 18. b5 Rf6 19. Qb4 a5 20. bxa6 Rxa6 21. e4 Bxc4
22. Bxc4 Rb6 23. Qa5 Nc6 24. Qd5 Nd4 25. Bc5 Rc6 26. Bxd4 exd4 27. Rxd4 Rf8 28.
Rd2 Rc5 29. Qd3 Qg5 30. f4 Qf6 31. exf5 Qxf5 32. Bd5 Qxd3 33. Rxd3 b5 34. g3 g5
35. Be6 gxf4 36. gxf4 Rc6 37. Kg2 Rc2+ 38. Kg3 Rd8 39. Rfd1 Bf8 40. Bb3 Rc5 41.
Re1 Bg7 42. Re6 d5 43. f5 Rf8 44. Rxd5 1/2-1/2

[Event "OLBA 2122 BG Buchen - SK Ettlingen"]
[Site "?"]
[Date "2021.10.10"]
[Round "1.4"]
[White "Mensch, Etienne"]
[Black "Tschann, Stephan"]
[Result "1/2-1/2"]
[WhiteElo "2317"]
[BlackElo "2193"]
[PlyCount "143"]
[EventDate "2021.??.??"]

1. d4 Nf6 2. c4 g6 3. f3 c5 4. d5 e6 5. e4 d6 6. Nc3 exd5 7. cxd5 Bg7 8. Be3 a6
9. a4 O-O 10. Qd2 Re8 11. Ra2 Qe7 12. Be2 b6 13. Bf1 Qb7 14. Nge2 Nbd7 15. Ng3
h5 16. Be2 h4 17. Nf1 h3 18. gxh3 Qc7 19. Ng3 c4 20. h4 Nc5 21. h5 Nb3 22. Qc2
gxh5 23. Rg1 Bd7 24. Kf2 Kh8 25. Nf1 Rg8 26. Nd2 Na5 27. Raa1 Rac8 28. Rg2 Qd8
29. Rag1 Nh7 30. Nf1 Qh4+ 31. Ng3 Bh3 32. Bxb6 Nb3 33. Bxc4 Nd4 34. Qd3 Rxc4
35. Qxc4 Nxf3 36. Kxf3 Qg4+ 37. Ke3 Bh6+ 38. Kd3 Qf3+ 39. Kc2 Bxg2 40. Bd4+ f6
41. Nf5 Bf8 42. Nh4 Qh3 43. Nxg2 Rxg2+ 44. Rxg2 Qxg2+ 45. Qe2 Qh3 46. b4 h4 47.
Kb3 Kg7 48. b5 axb5 49. a5 Ng5 50. Qe3 Nf3 51. Bb6 Kf7 52. Kb4 Qf1 53. Qe2 Qc1
54. Qd1 Qb2+ 55. Qb3 Qxh2 56. a6 Nd2 57. Qc2 Qg2 58. a7 h3 59. a8=Q h2 60. Qa7+
Kg6 61. e5+ f5 62. Qxf5+ Kxf5 63. Qf7+ Kg4 64. Qe6+ Kf3 65. Qf5+ Kg3 66. Qg5+
Kh3 67. Qh5+ Kg3 68. Ne2+ Qxe2 69. Qxe2 dxe5+ 70. Kxb5 h1=Q 71. Qxd2 Qf3 72.
Qe3 1/2-1/2

[Event "OLBA 2122 BG Buchen - SK Ettlingen"]
[Site "?"]
[Date "2021.10.10"]
[Round "1.5"]
[White "Grothe, Thomas"]
[Black "Miltner, Arndt"]
[Result "1/2-1/2"]
[WhiteElo "2250"]
[BlackElo "2260"]
[PlyCount "70"]
[EventDate "2021.??.??"]

1. e4 d6 2. Nc3 c5 3. Nge2 g6 4. d4 Nd7 5. dxc5 dxc5 6. g3 Bg7 7. Bg2 Ngf6 8.
f4 O-O 9. e5 Ne8 10. Be3 Nc7 11. O-O Rb8 12. Qe1 f6 13. exf6 exf6 14. Rd1 Qe7
15. Nd5 Nxd5 16. Bxd5+ Kh8 17. Nc3 f5 18. Bf2 Qf6 19. Qe2 b5 20. Nxb5 Qb6 21.
Bc4 Nf6 22. Nd6 Bb7 23. Qe6 h6 24. Nf7+ Kh7 25. Ne5 Qxe6 26. Bxe6 Ne4 27. Nd7
Rfe8 28. Nxb8 Rxe6 29. c3 Rb6 30. Rb1 Nd2 31. Bxc5 Rb5 32. Bxa7 Be4 33. Rbd1
Nxf1 34. Kxf1 Rxb2 35. Rd7 Kg8 1/2-1/2

[Event "OLBA 2122 BG Buchen - SK Ettlingen"]
[Site "?"]
[Date "2021.10.10"]
[Round "1.6"]
[White "Becker, Matthias"]
[Black "Friedel, Marcus"]
[Result "1/2-1/2"]
[WhiteElo "2309"]
[BlackElo "2126"]
[PlyCount "127"]
[EventDate "2021.??.??"]

1. Nf3 d5 2. b3 Nf6 3. Bb2 c6 4. e3 Bg4 5. h3 Bh5 6. g4 Bg6 7. Ne5 Nbd7 8. Nxg6
hxg6 9. d3 e6 10. Nd2 Bd6 11. g5 Ng8 12. Qg4 Bc5 13. d4 Bd6 14. O-O-O Ne7 15.
h4 Qa5 16. Kb1 Bb4 17. Nf3 O-O-O 18. Bd3 Rh5 19. Ng1 Rdh8 20. Ne2 Nf5 21. Bxf5
gxf5 22. Qg3 g6 23. Rh3 Qc7 24. f4 Nb8 25. Rdh1 Na6 26. Qg2 Qe7 27. Ng3 R5h7
28. h5 gxh5 29. Nxh5 Nc7 30. Nf6 Rxh3 31. Rxh3 Rxh3 32. Qxh3 Ne8 33. Ng8 Qf8
34. Nh6 Kd8 35. Qh5 Ke7 36. c4 Qg7 37. cxd5 cxd5 38. Qe2 a6 39. Qc2 Kd7 40. Bc3
Bd6 41. Ba5 Qg6 42. Bb6 f6 43. Ng4 fxg5 44. fxg5 Qxg5 45. Ne5+ Bxe5 46. dxe5
Qh4 47. Qc3 Qh1+ 48. Kb2 Qg2+ 49. Ka3 Qe2 50. Qd4 Qb5 51. Kb2 Kc8 52. a4 Qc6
53. a5 Nc7 54. Qh4 Qe8 55. Qh7 Nb5 56. Kc1 Kb8 57. Kd2 Qc8 58. Ke2 Nc3+ 59. Kf3
Ne4 60. Kf4 Qc1 61. Qg8+ Qc8 62. Qh7 Qc1 63. Qg8+ Qc8 64. Qh7 1/2-1/2

[Event "OLBA 2122 BG Buchen - SK Ettlingen"]
[Site "?"]
[Date "2021.10.10"]
[Round "1.7"]
[White "Zeier, Klaus"]
[Black "Mede, Istvan"]
[Result "0-1"]
[WhiteElo "2214"]
[BlackElo "2234"]
[PlyCount "104"]
[EventDate "2021.??.??"]

1. e4 d6 2. d4 Nf6 3. Nc3 g6 4. f4 Bg7 5. Nf3 c5 6. dxc5 Qa5 7. Bd3 Qxc5 8. Qe2
O-O 9. Be3 Qa5 10. O-O Bg4 11. h3 Bxf3 12. Qxf3 Nc6 13. Ne2 Rac8 14. c3 Nd7 15.
Rfd1 a6 16. a4 Qc7 17. Qf2 Na5 18. Bd4 e5 19. Be3 Nc4 20. Bxc4 Qxc4 21. Rxd6
Nf6 22. Qf3 Nxe4 23. Rd7 Nc5 24. Bxc5 Qxc5+ 25. Kh1 Rc7 26. Rad1 Rxd7 27. Rxd7
b6 28. fxe5 Bxe5 29. Rd5 Qc7 30. Qe4 Bg7 31. Nf4 Qc8 32. Rd1 Re8 33. Qd3 Qb7
34. Nd5 Re6 35. Qf3 Qb8 36. Qd3 a5 37. Rf1 Be5 38. Qb5 Qd8 39. b4 axb4 40. cxb4
Bb8 41. Nf4 Rf6 42. g3 h5 43. Re1 Kg7 44. Qd5 Qc8 45. Kg2 Bxf4 46. gxf4 Qc2+
47. Kg1 Qxa4 48. Qd4 Qb3 49. Kg2 Qc2+ 50. Kg3 Qf5 51. Re5 h4+ 52. Kf3 Qxh3+ 0-1

[Event "OLBA 2122 BG Buchen - SK Ettlingen"]
[Site "?"]
[Date "2021.10.10"]
[Round "1.8"]
[White "Schuhmacher, Jakob"]
[Black "Reichel, Jonathan"]
[Result "1-0"]
[WhiteElo "2023"]
[BlackElo "2092"]
[PlyCount "107"]
[EventDate "2021.??.??"]

1. c4 e5 2. Nc3 Bb4 3. Nf3 Bxc3 4. dxc3 Nc6 5. e4 d6 6. Be3 Nge7 7. Bd3 O-O 8.
Qc2 f5 9. exf5 Bxf5 10. Ng5 h6 11. Ne4 Qd7 12. O-O-O Bxe4 13. Bxe4 Nf5 14. Bd2
Nh4 15. Qd3 Rae8 16. g3 Nf5 17. h4 Nd8 18. h5 Ne7 19. f3 Ne6 20. Be3 b6 21. Qe2
Nc5 22. Bc2 Nf5 23. Bf2 e4 24. Bxe4 Nxe4 25. fxe4 Qe7 26. g4 Qg5+ 27. Kb1 Ne7
28. Be3 Qe5 29. Bd4 Qg5 30. Rhf1 Rxf1 31. Rxf1 Nc6 32. Rf5 Qe7 33. e5 Nxe5 34.
Bxe5 dxe5 35. Qe4 Qe6 36. a3 Qe7 37. Qd5+ Qe6 38. Rxe5 Qxd5 39. Rxe8+ Kf7 40.
cxd5 Kxe8 41. Kc2 Ke7 42. Kd3 Kf6 43. Ke4 Kg5 44. Kf3 a5 45. b3 g6 46. hxg6
Kxg6 47. Kf4 Kf6 48. c4 Kg6 49. b4 a4 50. c5 bxc5 51. bxc5 Kf6 52. Ke4 Kg5 53.
d6 cxd6 54. c6 1-0

[Event "OLBA 2122 SF Bad Mergentheim - Karlsruh"]
[Site "?"]
[Date "2021.10.10"]
[Round "1.1"]
[White "Ruff, Maximilian"]
[Black "Ikonnikov, Vyacheslav"]
[Result "0-1"]
[WhiteElo "2307"]
[BlackElo "2499"]
[PlyCount "110"]
[EventDate "2021.??.??"]

1. d4 d5 2. c4 e6 3. Nc3 h6 4. Nf3 Nf6 5. Bf4 Bb4 6. e3 O-O 7. Bd3 dxc4 8. Bxc4
Nd5 9. Rc1 Nxf4 10. exf4 Qf6 11. g3 Rd8 12. O-O Nc6 13. Qb3 Bxc3 14. bxc3 b6
15. Be2 Bb7 16. Rfd1 Rac8 17. Qb5 Qe7 18. Qd3 Na5 19. Qe3 c5 20. f5 cxd4 21.
cxd4 Bd5 22. fxe6 Qxe6 23. Ne5 Bxa2 24. Rxc8 Qxc8 25. Rc1 Qb8 26. Qa3 Be6 27.
Qe7 Nb3 28. Nc6 Qd6 29. Rd1 Qxe7 30. Nxe7+ Kf8 31. Nc6 Rd6 32. Bf3 a5 33. d5
Bf5 34. Na7 Bd7 35. Be2 Nc5 36. Bb5 Ne4 37. Rd4 Nf6 38. Bc4 Ke7 39. f3 Kd8 40.
g4 Kc7 41. h4 Kb8 42. g5 Kxa7 43. gxf6 Rxf6 44. Kf2 b5 45. Ba2 Kb6 46. Ke3 Kc5
47. Rd1 Rf5 48. Rc1+ Kd6 49. Rg1 g6 50. Rd1 Rh5 51. Rd4 Re5+ 52. Kd2 Bf5 53.
Rf4 g5 54. hxg5 hxg5 55. Rd4 Kc5 0-1

[Event "OLBA 2122 SF Bad Mergentheim - Karlsruh"]
[Site "?"]
[Date "2021.10.10"]
[Round "1.2"]
[White "Kazakouski, Valery"]
[Black "Arnold, Lothar"]
[Result "1-0"]
[WhiteElo "2490"]
[BlackElo "2330"]
[PlyCount "81"]
[EventDate "2021.??.??"]

1. d4 e6 2. c4 f5 3. g3 Nf6 4. Bg2 c6 5. Nf3 d5 6. O-O Bd6 7. Qc2 O-O 8. Nc3
Ne4 9. Rb1 Nd7 10. b4 Qe7 11. b5 Nxc3 12. Qxc3 Nf6 13. c5 Bc7 14. Bf4 Bxf4 15.
gxf4 Bd7 16. a4 Rfc8 17. Ne5 Be8 18. bxc6 Bxc6 19. a5 Qc7 20. a6 bxa6 21. Nxc6
Qxc6 22. Qa5 Ne8 23. Rb4 Rab8 24. Rfb1 Rxb4 25. Qxb4 Nc7 26. e3 Nb5 27. Bf1 Rb8
28. Qa4 Qb7 29. Ra1 Nc7 30. Bxa6 Nxa6 31. Qxa6 Qf7 32. Qd6 Re8 33. c6 h6 34. c7
Kh7 35. Qd8 Qf8 36. Qd7 Qg8 37. Rxa7 Kh8 38. Rb7 Rf8 39. Qb5 g5 40. Rb8 gxf4+
41. Kf1 1-0

[Event "OLBA 2122 SF Bad Mergentheim - Karlsruh"]
[Site "?"]
[Date "2021.10.10"]
[Round "1.3"]
[White "Pfatteicher, Lukas"]
[Black "Rakotomaharo, Fy Antenaina"]
[Result "0-1"]
[WhiteElo "2189"]
[BlackElo "2484"]
[PlyCount "142"]
[EventDate "2021.??.??"]

1. d4 Nf6 2. c4 e6 3. Nc3 d5 4. cxd5 exd5 5. Bg5 Nbd7 6. e3 c6 7. Bd3 Be7 8.
Nf3 O-O 9. h3 Ne4 10. Bxe4 Bxg5 11. Nxg5 Qxg5 12. Bf3 Nb6 13. h4 Qe7 14. g3 Nc4
15. Qc1 Bf5 16. O-O b5 17. Re1 Nd6 18. Ne2 Qd7 19. Nf4 a5 20. Qd1 Nc4 21. b3
Na3 22. Rc1 b4 23. Rc5 Nb5 24. Qd2 Nc3 25. Ne2 Ne4 26. Bxe4 Bxe4 27. Kh2 a4 28.
Qxb4 axb3 29. axb3 Ra2 30. Ra5 Qf5 31. f4 Rc2 32. Rc5 Bf3 33. Rxc2 Qxc2 34. Qc3
Qa2 35. Kg1 h5 36. Kf2 Bg4 37. Qxc6 Qxb3 38. Rc1 Qd3 39. Qc2 Qa6 40. Qd2 Rb8
41. Rc2 Qa1 42. Rc1 Rb2 43. Rxa1 Rxd2 44. Re1 Kh7 45. Kf1 Kg6 46. Nc3 Bh3+ 47.
Kg1 Rg2+ 48. Kh1 Rc2 49. Nb5 Kf5 50. Nd6+ Ke6 51. Nb7 Bg2+ 52. Kg1 Be4 53. Kf1
Bd3+ 54. Kg1 Kf5 55. Nd6+ Kg4 56. Nxf7 Kxg3 57. Ng5 Rg2+ 58. Kh1 Rh2+ 59. Kg1
Rg2+ 60. Kh1 Kf2 61. Rd1 Rg4 62. Nh3+ Kxe3 63. Kh2 Rxh4 64. Re1+ Kxd4 65. Kg3
Rg4+ 66. Kf2 Be4 67. Rd1+ Kc3 68. Ng1 Rxf4+ 69. Ke3 Rg4 70. Ne2+ Kb4 71. Rc1 g5
0-1

[Event "OLBA 2122 SF Bad Mergentheim - Karlsruh"]
[Site "?"]
[Date "2021.10.10"]
[Round "1.4"]
[White "Neuman, Petr"]
[Black "Joeres, Stefan"]
[Result "1-0"]
[WhiteElo "2383"]
[BlackElo "2187"]
[PlyCount "99"]
[EventDate "2021.??.??"]

1. c4 e5 2. e3 Nf6 3. Nc3 Bb4 4. Nge2 O-O 5. a3 Be7 6. Qc2 c6 7. d4 exd4 8.
Nxd4 d5 9. Nf5 Be6 10. cxd5 Nxd5 11. Nxd5 cxd5 12. Nxe7+ Qxe7 13. Bd3 Rc8 14.
Qe2 Nd7 15. O-O Nc5 16. Bd2 Nxd3 17. Qxd3 Rc4 18. Rfc1 Rac8 19. Rc3 a6 20. Rd1
Qc5 21. Be1 f6 22. Rxc4 Qxc4 23. Bc3 Qxd3 24. Rxd3 Kf7 25. f3 Rc5 26. Kf2 Bf5
27. Rd4 Ke6 28. g4 Bc2 29. h4 g6 30. g5 f5 31. Rd2 Bb3 32. Kg3 Rc4 33. Rh2 f4+
34. exf4 d4 35. Re2+ Kd5 36. Rd2 Kc5 37. Bb4+ Kd5 38. f5 gxf5 39. h5 Bc2 40. g6
hxg6 41. h6 f4+ 42. Kxf4 g5+ 43. Kxg5 Bh7 44. Re2 Rc1 45. Re7 Rg1+ 46. Kf4 Bb1
47. Rxb7 Rg6 48. Rd7+ Kc6 49. h7 Rh6 50. Rd6+ 1-0

[Event "OLBA 2122 SF Bad Mergentheim - Karlsruh"]
[Site "?"]
[Date "2021.10.10"]
[Round "1.5"]
[White "Pfrommer, Christoph"]
[Black "Razafindratsima, Timothe"]
[Result "0-1"]
[WhiteElo "2286"]
[BlackElo "2350"]
[PlyCount "60"]
[EventDate "2021.??.??"]

1. c4 Nf6 2. g3 g6 3. Bg2 Bg7 4. Nc3 O-O 5. Nf3 d5 6. cxd5 Nxd5 7. O-O c5 8.
Nxd5 Qxd5 9. d3 Nc6 10. Be3 Qd6 11. Qc1 b6 12. d4 cxd4 13. Nxd4 Nxd4 14. Bxd4
Qxd4 15. Bxa8 Bf5 16. Bb7 Rb8 17. Rd1 Qxb2 18. Qc7 Re8 19. Bc6 Rc8 20. Qxe7 Bf6
21. Qb7 Qxe2 22. Re1 Qb2 23. Rad1 Bd4 24. Rxd4 Qxd4 25. Bd5 Qf6 26. h4 Rc2 27.
Bb3 Rd2 28. Qf3 Kg7 29. Rc1 Bg4 30. Qe3 Re2 0-1

[Event "OLBA 2122 SF Bad Mergentheim - Karlsruh"]
[Site "?"]
[Date "2021.10.10"]
[Round "1.6"]
[White "Gasthofer, Alexander"]
[Black "Vinke, Andreas"]
[Result "1-0"]
[WhiteElo "2416"]
[BlackElo "2202"]
[PlyCount "129"]
[EventDate "2021.??.??"]

1. Nf3 c5 2. c4 g6 3. g3 Bg7 4. Bg2 Nc6 5. Nc3 e5 6. O-O Nge7 7. Ne1 O-O 8. Nc2
d6 9. a3 a5 10. Ne3 Be6 11. d3 Rb8 12. Rb1 h6 13. Bd2 Kh7 14. Ned5 Qd7 15. b4
axb4 16. axb4 cxb4 17. Nxb4 Nxb4 18. Rxb4 d5 19. cxd5 Nxd5 20. Nxd5 Bxd5 21.
Bxd5 Qxd5 22. Qb3 Qxb3 23. Rxb3 Rfc8 24. Be3 Rc2 25. Ba7 Rd8 26. Rxb7 Rxe2 27.
Rxf7 Kg8 28. Rb7 Rd2 29. Rc1 R2xd3 30. Rcc7 Bf8 31. h4 R3d6 32. Kg2 Re6 33. Be3
Rde8 34. Kf3 e4+ 35. Ke2 Ra6 36. Rh7 Ra2+ 37. Kf1 Rb2 38. Rbd7 Rb1+ 39. Kg2 Rd1
40. Rc7 h5 41. Bf4 Rdd8 42. Rb7 Re6 43. Bg5 Rde8 44. Rhd7 Rc6 45. Kh3 Rce6 46.
g4 hxg4+ 47. Kxg4 Rc6 48. Be3 Rce6 49. Bg5 Rc6 50. Rh7 Rb6 51. Rbc7 Rc6 52.
Rxc6 Kxh7 53. Kf4 Bb4 54. Ke3 Ba5 55. Ke2 Bb4 56. Bf6 Kg8 57. Bd4 Kh7 58. Rc7+
Kh6 59. Bf6 Ba5 60. Bg5+ Kh5 61. Rc5 Bb4 62. Rb5 Bf8 63. Rb7 Kg4 64. Rf7 Re6
65. Rxf8 1-0

[Event "OLBA 2122 SF Bad Mergentheim - Karlsruh"]
[Site "?"]
[Date "2021.10.10"]
[Round "1.7"]
[White "Fidlin, Simon"]
[Black "Pfleger, Michael"]
[Result "1/2-1/2"]
[WhiteElo "1924"]
[BlackElo "2190"]
[PlyCount "93"]
[EventDate "2021.??.??"]

1. e4 g6 2. d4 Bg7 3. Nc3 d5 4. exd5 Nd7 5. g3 Ngf6 6. Bg2 Nb6 7. Nge2 O-O 8.
O-O Nbxd5 9. Nxd5 Nxd5 10. c4 Nb6 11. b3 c5 12. Be3 cxd4 13. Nxd4 e5 14. Nb5
Qf6 15. Qe2 Bd7 16. Bxb7 Rab8 17. Bg2 a6 18. Nc7 Rbc8 19. c5 Na8 20. Nxa6 h5
21. Rac1 Bg4 22. f3 Be6 23. b4 e4 24. fxe4 Bg4 25. Qc4 Qe5 26. b5 Nb6 27. Qb4
Nd5 28. exd5 Qxe3+ 29. Kh1 Be2 30. Rfe1 Qd3 31. a4 Rce8 32. Qf4 g5 33. Qxg5 Re5
34. Qf4 Rfe8 35. Nb4 Qg6 36. Nc6 Rf5 37. Qd6 Qg5 38. Qd7 Kf8 39. Qxe8+ Kxe8 40.
Rxe2+ Kf8 41. Rce1 Bc3 42. Re8+ Kg7 43. Ne7 Re5 44. Rg8+ Kh6 45. Rh8+ Kg7 46.
Rg8+ Kh6 47. Rh8+ 1/2-1/2

[Event "OLBA 2122 SF Bad Mergentheim - Karlsruh"]
[Site "?"]
[Date "2021.10.10"]
[Round "1.8"]
[White "Raps, Johannes"]
[Black "Wegmer, Leon"]
[Result "1-0"]
[WhiteElo "2124"]
[BlackElo "1917"]
[PlyCount "93"]
[EventDate "2021.??.??"]

1. d4 Nf6 2. Nf3 d5 3. g3 g6 4. Bg2 Bg7 5. O-O O-O 6. b3 c5 7. c3 Nc6 8. Bb2
Ne4 9. Nbd2 Bf5 10. Rc1 Qa5 11. a3 Nxd2 12. Nxd2 cxd4 13. b4 Qd8 14. Nb3 d3 15.
exd3 Ne5 16. d4 Nc4 17. Qe2 Re8 18. f4 Rc8 19. Ba1 Rc6 20. Rfe1 b6 21. a4 Re6
22. Qf2 Rxe1+ 23. Rxe1 Qd7 24. Qa2 h5 25. a5 Bh6 26. Bb2 h4 27. Bc1 Bh3 28.
axb6 axb6 29. Nd2 hxg3 30. hxg3 Nxd2 31. Bxd2 Qg4 32. Qxd5 Qxg3 33. Qf3 Qxg2+
34. Qxg2 Bxg2 35. Kxg2 Ra8 36. Kf3 Ra2 37. Re2 e6 38. c4 Ra3+ 39. Re3 Ra4 40.
c5 bxc5 41. dxc5 Bf8 42. Rd3 Ra8 43. c6 Rc8 44. b5 Be7 45. Ba5 Kg7 46. c7 Bc5
47. Rd8 1-0

[Event "OLBA 2122 SC Emmendingen - SGR Kuppenhe"]
[Site "?"]
[Date "2021.10.10"]
[Round "1.1"]
[White "Roos, Daniel"]
[Black "Weidemann, Joerg"]
[Result "0-1"]
[WhiteElo "2349"]
[BlackElo "2313"]
[PlyCount "46"]
[EventDate "2021.??.??"]

1. Nf3 d5 2. g3 Nf6 3. Bg2 c6 4. O-O Bg4 5. c4 e6 6. Qb3 Qb6 7. Qc2 Nbd7 8. d3
dxc4 9. Qxc4 Bxf3 10. exf3 Be7 11. f4 O-O 12. Nc3 Rfd8 13. Be3 Qc7 14. Rfd1 Nb6
15. Qb3 Nbd5 16. Rac1 Nxe3 17. fxe3 Ng4 18. d4 Nxe3 19. Nb5 Qb6 20. Qxe3 Qxb5
21. Bf1 Qa5 22. a3 Bf6 23. b4 Qd5 0-1

[Event "OLBA 2122 SC Emmendingen - SGR Kuppenhe"]
[Site "?"]
[Date "2021.10.10"]
[Round "1.4"]
[White "Herbrechtsmeier, Christof"]
[Black "Karcher, Patrick"]
[Result "1/2-1/2"]
[WhiteElo "2159"]
[BlackElo "2093"]
[PlyCount "30"]
[EventDate "2021.??.??"]

1. e4 Nc6 2. Nf3 d5 3. exd5 Qxd5 4. Nc3 Qd8 5. Bb5 Bd7 6. O-O e6 7. d4 Nce7 8.
Bxd7+ Qxd7 9. Ne5 Qc8 10. Bf4 Nf6 11. Re1 c6 12. Qf3 Ng6 13. Nc4 Nxf4 14. Qxf4
Qb8 15. Qf3 Bb4 1/2-1/2

[Event "OLBA 2122 SC Emmendingen - SGR Kuppenhe"]
[Site "?"]
[Date "2021.10.10"]
[Round "1.5"]
[White "Metz, Hartmut"]
[Black "Ehret, Thomas"]
[Result "1/2-1/2"]
[WhiteElo "2214"]
[BlackElo "2076"]
[PlyCount "119"]
[EventDate "2021.??.??"]

1. e4 e6 2. d4 d5 3. Nc3 Nf6 4. e5 Nfd7 5. f4 c5 6. Nf3 Nc6 7. Be3 Be7 8. Qd2
O-O 9. dxc5 Bxc5 10. O-O-O Qa5 11. Nd4 Rd8 12. Nb3 Bxe3 13. Qxe3 Qb6 14. Qxb6
Nxb6 15. Be2 Bd7 16. Nc5 Rab8 17. Bg4 Be8 18. a3 Nc4 19. Be2 Ne3 20. Rd2 Nxg2
21. Rf1 Ne3 22. Rf3 Nf5 23. Bd3 Ncd4 24. Rh3 b6 25. Nb3 Nxb3+ 26. cxb3 Bc6 27.
Bxf5 exf5 28. Ne2 d4 29. Rxd4 Bb5 30. Rxd8+ Rxd8 31. Nc3 Bd3 32. Rf3 h6 33. Rf2
Kf8 34. h4 Ke7 35. Rd2 Rd7 36. Nd1 Ke6 37. Nf2 Bb5 38. Rxd7 Bxd7 39. Kd2 g5 40.
hxg5 hxg5 41. Ke3 Bb5 42. fxg5 Kxe5 43. Nh3 f4+ 44. Nxf4 Kf5 45. Nd5 Kxg5 46.
Nc3 Bc6 47. b4 Kg4 48. b5 Bf3 49. Kf2 Kf4 50. a4 Be4 51. b4 Bd3 52. a5 Ke5 53.
Ke3 Bf1 54. axb6 axb6 55. Na4 Bxb5 56. Nxb6 f5 57. Nc8 f4+ 58. Kf2 Bc6 59. Na7
Be4 60. Nb5 1/2-1/2

[Event "OLBA 2122 SC Emmendingen - SGR Kuppenhe"]
[Site "?"]
[Date "2021.10.10"]
[Round "1.6"]
[White "Schrems, Hermann"]
[Black "Klumpp, Jochen"]
[Result "0-1"]
[WhiteElo "2071"]
[BlackElo "2077"]
[PlyCount "140"]
[EventDate "2021.??.??"]

1. d4 g6 2. g3 Nf6 3. c4 Bg7 4. Bg2 d5 5. cxd5 Nxd5 6. Nf3 O-O 7. O-O Nb6 8. h3
Nc6 9. e3 e5 10. dxe5 Nxe5 11. Nxe5 Bxe5 12. Qc2 Bf5 13. e4 Be6 14. Nc3 Qe7 15.
b3 f5 16. Bb2 c6 17. exf5 Bxf5 18. Qe2 Rae8 19. Rae1 Qd7 20. Ne4 Bxb2 21. Qxb2
Bxe4 22. Bxe4 Qxh3 23. Qa3 Nc8 24. Qb4 Qd7 25. Qc4+ Qf7 26. Qxf7+ Kxf7 27. Bd3
Nd6 28. Rd1 Rd8 29. Rfe1 Rfe8 30. Rxe8 Kxe8 31. Re1+ Kd7 32. Kg2 Rf8 33. Rh1
Rf7 34. Rh4 Kc7 35. g4 b5 36. Kg3 Re7 37. Kf4 Kd7 38. Rh1 Rf7+ 39. Ke5 Nb7 40.
f4 Nc5 41. Bb1 Ke7 42. f5 Nd7+ 43. Kd4 Kd6 44. Rh6 c5+ 45. Kc3 Ne5 46. g5 b4+
47. Kb2 Kd5 48. fxg6 hxg6 49. Bxg6 Rg7 50. Bf5 Rxg5 51. Be6+ Kd6 52. Bh3+ Kc7
53. Rh7+ Kb6 54. Rh6+ Rg6 55. Rh8 Rf6 56. Re8 Rf2+ 57. Kb1 Nc6 58. Re6 Kc7 59.
Re1 Nd4 60. Bf1 Nc2 61. Rc1 Na3+ 62. Ka1 Kd6 63. Ba6 Rd2 64. Rh1 Ke5 65. Rc1
Kd4 66. Bc8 Nb5 67. Bf5 Nc3 68. Bb1 a5 69. Rh1 Rd1 70. Rh4+ Ke3 0-1

[Event "OLBA 2122 SC Emmendingen - SGR Kuppenhe"]
[Site "?"]
[Date "2021.10.10"]
[Round "1.7"]
[White "Merklinger, Markus"]
[Black "Gihr, Michael"]
[Result "1/2-1/2"]
[WhiteElo "2103"]
[BlackElo "1985"]
[PlyCount "25"]
[EventDate "2021.??.??"]

1. d4 c5 2. e3 d5 3. Nf3 Nc6 4. b3 Nf6 5. Bb2 Bg4 6. Be2 e6 7. O-O Bd6 8. Nbd2
Rc8 9. c4 O-O 10. cxd5 exd5 11. dxc5 Bxc5 12. Rc1 Bd6 13. h3 1/2-1/2

[Event "OLBA 2122 SC Brombach - OSG Baden-Baden"]
[Site "?"]
[Date "2021.10.10"]
[Round "1.1"]
[White "Milov, Vadim"]
[Black "Resa, Tobias"]
[Result "1-0"]
[WhiteElo "2607"]
[BlackElo "2138"]
[PlyCount "73"]
[EventDate "2021.??.??"]

1. d4 Nf6 2. c4 g6 3. Nc3 d5 4. cxd5 Nxd5 5. e4 Nxc3 6. bxc3 Bg7 7. Bc4 c5 8.
Ne2 O-O 9. Be3 Nc6 10. Rc1 cxd4 11. cxd4 Qa5+ 12. Kf1 e6 13. h4 Rd8 14. h5 b5
15. Bb3 Bb7 16. hxg6 hxg6 17. d5 exd5 18. exd5 Ne5 19. Bg5 Rd7 20. Ng3 Nc4 21.
Ne4 Qb6 22. Qf3 f5 23. Bxc4 bxc4 24. Qh3 Qb2 25. Qh7+ Kf7 26. Nf6 Rh8 27. Nxd7
Rxh7 28. Rxh7 Kg8 29. Rxg7+ Qxg7 30. Nf6+ Kf8 31. d6 Bc6 32. Rd1 Qb7 33. d7
Bxd7 34. Bh6+ Ke7 35. Rxd7+ Qxd7 36. Nxd7 Kxd7 37. Ke2 1-0

[Event "OLBA 2122 SC Brombach - OSG Baden-Baden"]
[Site "?"]
[Date "2021.10.10"]
[Round "1.2"]
[White "Paul, Mathias"]
[Black "Schmaltz, Roland"]
[Result "0-1"]
[WhiteElo "2069"]
[BlackElo "2457"]
[PlyCount "126"]
[EventDate "2021.??.??"]

1. e4 c5 2. Be2 d6 3. f4 Nc6 4. Nf3 g6 5. O-O Bg7 6. d3 e6 7. c3 Nge7 8. Qe1
O-O 9. Be3 b6 10. Na3 f5 11. Qh4 h6 12. e5 Nd5 13. Bd2 dxe5 14. Qxd8 Rxd8 15.
Nxe5 Nxe5 16. fxe5 Ba6 17. Rfe1 Ne7 18. Rad1 Rd7 19. Nc2 Rad8 20. d4 Bxe2 21.
Rxe2 Nc6 22. Be3 cxd4 23. cxd4 Bxe5 24. Bxh6 Bxd4+ 25. Nxd4 Rxd4 26. Rc1 Rd1+
27. Rxd1 Rxd1+ 28. Kf2 Kf7 29. Rc2 Rd6 30. Ke3 e5 31. g3 Ke8 32. h4 Kd7 33. Bg5
Rd4 34. a3 Re4+ 35. Kf2 Rd4 36. Be3 Rd3 37. Rc4 e4 38. Bf4 a6 39. Rc2 a5 40.
Rc4 Rd5 41. Be3 Ne5 42. Rc2 Ng4+ 43. Ke2 Nxe3 44. Kxe3 Rd3+ 45. Kf2 Rf3+ 46.
Kg2 Rb3 47. Rf2 Ke6 48. Rc2 a4 49. Kf2 b5 50. Rc6+ Kf7 51. Rc2 Kg7 52. Kg2 Kh6
53. Kh3 f4 54. Kg4 fxg3 55. Kf4 Kh5 56. Rc8 Rf3+ 57. Kxe4 Rf1 58. Rh8+ Kg4 59.
Rg8 g2 60. Rxg6+ Kh3 61. h5 g1=Q 62. Rxg1 Rxg1 63. h6 Rg6 0-1

[Event "OLBA 2122 SC Brombach - OSG Baden-Baden"]
[Site "?"]
[Date "2021.10.10"]
[Round "1.3"]
[White "Trifan, Andrei Ioan"]
[Black "Hecht, Jonas"]
[Result "1-0"]
[WhiteElo "2214"]
[BlackElo "1968"]
[PlyCount "89"]
[EventDate "2021.??.??"]

1. e4 e5 2. Nf3 Nf6 3. Nxe5 d6 4. Nd3 Nxe4 5. Qe2 Qe7 6. Nf4 Nf6 7. Nc3 c6 8.
d4 Bf5 9. Be3 Na6 10. O-O-O d5 11. Nd3 O-O-O 12. h3 Nb4 13. Nxb4 Qxb4 14. g4
Bg6 15. h4 h5 16. g5 Ne4 17. Nxe4 dxe4 18. Qc4 Qxc4 19. Bxc4 Bd6 20. c3 Kb8 21.
b4 Rhe8 22. a4 Re7 23. Kb2 Bf5 24. Be2 g6 25. d5 cxd5 26. Rxd5 Bc7 27. Rxd8+
Bxd8 28. Rd1 Bc7 29. a5 a6 30. Bc4 Kc8 31. Bc5 Rd7 32. Rxd7 Kxd7 33. Bd5 Kc8
34. Bxf7 Bf4 35. Bd5 Be5 36. Kb3 Bf4 37. c4 Be5 38. b5 Bf4 39. Be3 Be5 40. b6
Bd6 41. c5 Be5 42. Kc4 Kb8 43. c6 bxc6 44. Bxc6 Kc8 45. Kd5 1-0